000 01437nam0a22003011 4500
001 rc\3462079
005 20260407223856.0
021 _aRU
_b76-780
021 _aRU
_bРг3404-76
035 _a(NLR Aleph) 007886863
090 _a7953039
_c7953039
100 _a20130115d19741975|||y0rusy50 ca
101 0 _arus
102 _aRU
105 _ay z |||||
200 1 _aОборудование технического кабинета по добыче газа
_e(Метод. рекомендации)
_fМ-во газовой пром-сти. Упр. организации труда, заработной платы и рабочих кадров. Центр. учеб.-метод. кабинет по проф.-техн. обучению кадров
210 _aМосква
_cб. и.
_d1974 (вып. дан. 1975)
215 _a43 с.
_d20
300 _aВ вып. дан. сост.: Ищенко Л. С.
320 _aБиблиогр.: с. 41
702 1 _aИщенко
_bЛ. С.
_4220
712 0 2 _4570
_aЦентральный учебно-методический кабинет по профессионально-техническому обучению кадров Министерства газовой промышленности СССР
_3RU\NLR\AUTH\8810151811
_9798346
801 0 _aRU
_bNLR
_gpsbo
801 1 _aRU
_bELAR
_2rusmarc
852 _aNLR
_j76-4/8857
942 _cBOOK
980 _aNB